Hyperbolic problems : proceedings of the Ninth International Conference on Hyperbolic Problems held in CalTech, Pasadena, March 25-29, 2002
Αποθηκεύτηκε σε:
| Συγγραφή απο Οργανισμό/Αρχή: | |
|---|---|
| Άλλοι συγγραφείς: | , |
| Μορφή: | Βιβλίο |
| Γλώσσα: | English |
| Δημοσίευση: |
Berlin ; New York :
Springer,
c2003.
|
| Θέματα: | |
| Ετικέτες: |
Προσθήκη ετικέτας
Δεν υπάρχουν, Καταχωρήστε ετικέτα πρώτοι!
|
MARC
| LEADER | 00000cam a2200000 i 4500 | ||
|---|---|---|---|
| 001 | 1/17311 | ||
| 008 | 120112s2003 gw ||| | eng|| | ||
| 020 | |a 3540443339 | ||
| 035 | |l 10111664 | ||
| 040 | |a GR-MyUA |b gre |e AACR2 | ||
| 041 | 0 | |a eng | |
| 082 | 0 | |a 515.3535 |2 (22) | |
| 110 | 2 | |a International Conference on Non-linear Hyperbolic Problems. | |
| 245 | 1 | 0 | |a Hyperbolic problems : |b proceedings of the Ninth International Conference on Hyperbolic Problems held in CalTech, Pasadena, March 25-29, 2002 / |c Thomas Y. Hou, Eitan Tadmore, editors. |
| 260 | |a Berlin ; New York : |b Springer, |c c2003. | ||
| 300 | |a xiv, 961 σ. : |b εικ. ; |c 25 εκ. | ||
| 504 | |a Περιέχει βιβλιογραφικές αναφορές. | ||
| 650 | 0 | 0 | |a Differential equations, Hyperbolic |x Congresses. |
| 650 | 0 | 0 | |a Differential equations, Nonlinear |x Congresses. |
| 700 | 1 | |a Hou, Thomas Y. |e edt | |
| 700 | 1 | |a Tadmor, Eitan, |e edt | |
| 852 | |a INST |b SAMOS |e 20120112 |h 515.3535 INT |p 005300034100 |q 005300034100 |t BK |y 0 | ||
| 901 | |a BIBL3-2012-1 | ||
| 909 | |a Σ |b 172013 | ||
| 922 | |a 3ΕΛΗ |b 201112 |c ΤΜΗΜΑ ΜΑΘΗΜΑΤΙΚΩΝ/ΜΕΤΑΠΤΥΧΙΑΚΟ |d ΔΙΑΔΡΟΜΕΣ | ||
| 970 | |a ΚΟΣΙΕΡΗΣ |b ΧΡΗΣΤΟΣ |z 2012/01/12 | ||